000 00990nam0a22002651 4500
001 rc\192530
005 20250620225142.0
010 _a5-210-01491-6
_910000
035 _a(NLR Aleph) 005448354
090 _a4830754
_c4830754
100 _a20030307d1997 |||y0rusy50 ca
101 0 _arus
102 _aRU
105 _aa |||||||||
200 1 _aРОССИЙСКАЯ и мировая история в таблицах
_eСинхронист. табл. Карты-схемы. Генеал. табл. Правители государств. Ист. слов
_fАвт.-сост. Ф.М. Лурье
210 _aСПб.
_cИскусство-СПб.
_d1997
215 _a292 с.
_cил., карт.
_d27
320 _aБиблиогр.: с. 288-289
702 1 _aЛурье
_bФ.М.
_f1931-
_gФеликс Моисеевич
_4220
801 0 _aRU
_bNLR
_gpsbo
801 1 _aRU
_bELAR
_2rusmarc
852 _aNLR
_j97-7/1188
942 _cBOOK
980 _aNB
980 _aGENEAL02